00397 a2200133 450000100060000000300050000608200150001110000210002624500940004726000330014130000150017450000180018950500560020790494NUST a303.49 FRI aFriedman Gerorge aNext 100 Years :A forecast for the 21st centurybA forecast for the 21st centuryhEnglish aNew YorkbAnchor Booksc2009 axxi, 253p. aGeneral Books tThe Next 100 Years :A forecast for the 21st century